[Event "MCR_SF_03"]
[Site "?"]
[Date "2005.??.??"]
[Round "?"]
[White "Batka, Josef"]
[Black "Leiner, Raimund"]
[Result "1-0"]
[WhiteElo "2251"]
[BlackElo "2312"]
[PlyCount "85"]
[EventDate "2005.??.??"]
[EventType "corr"]
[EventRounds "2"]
[SourceDate "2005.10.20"]

1. e4 e5 2. Nc3 Nf6 3. Bc4 Nc6 4. d3 Na5 5. Nge2 Bc5 6. O-O d6 7. Bb3 Nxb3 8.
axb3 a6 9. Bg5 h6 10. Bxf6 Qxf6 11. Nd5 Qd8 12. d4 Ba7 13. Qd3 O-O 14. Rad1 Bg4
15. f3 Be6 16. Ne3 Re8 17. Kh1 Bd7 18. dxe5 Rxe5 19. Ng3 Bxe3 20. Qxe3 h5 21.
f4 Rc5 22. c3 h4 23. Ne2 h3 24. g3 Qe7 25. Nd4 Ra5 26. Rde1 Ra2 27. Qc1 c5 28.
Qb1 Ra5 29. Nf3 Rb5 30. Nd2 a5 31. Qc2 Rb6 32. Nc4 Rba6 33. Ne3 a4 34. Nd5 Qd8
35. f5 Qg5 36. Nc7 b5 37. bxa4 Rxa4 38. Nxa8 Bc6 39. Kg1 Qd8 40. Nc7 Qxc7 41.
f6 Qa7 42. fxg7 Kxg7 43. Rf4 1-0

[Event "MCR_SF_03"]
[Site "?"]
[Date "2005.??.??"]
[Round "?"]
[White "Hladecek, Miloslav"]
[Black "Batka, Josef"]
[Result "1/2-1/2"]
[WhiteElo "2306"]
[BlackElo "2251"]
[PlyCount "75"]
[EventDate "2005.??.??"]
[EventType "corr"]
[EventRounds "2"]
[SourceDate "2005.10.20"]

1. e4 c5 2. Nf3 Nc6 3. Bc4 e6 4. Qe2 Be7 5. Bb5 Nf6 6. Bxc6 bxc6 7. d3 d5 8. c4
O-O 9. O-O Bb7 10. Re1 Nd7 11. Bf4 Re8 12. Nbd2 Nf8 13. Bg3 Ng6 14. Ne5 Nxe5
15. Bxe5 f6 16. Bg3 e5 17. f4 exf4 18. Bxf4 Bd6 19. Bxd6 Qxd6 20. Qf2 dxc4 21.
dxc4 Rad8 22. Nf3 Bc8 23. h3 Qf4 24. Rad1 Rxd1 25. Rxd1 h6 26. b3 Kh7 27. Qxc5
Bxh3 28. Qh5 Bg4 29. Qxe8 Bxf3 30. Rf1 Qe3+ 31. Kh2 Be2 32. Rf5 Bg4 33. Qxc6
Bxf5 34. exf5 Qf4+ 35. g3 Qxf5 36. Qg2 Kg6 37. Qe2 a5 38. Kg2 1/2-1/2

[Event "MCR_SF_03"]
[Site "?"]
[Date "2005.??.??"]
[Round "?"]
[White "Kuchta, Jiri"]
[Black "Hladecek, Miloslav"]
[Result "0-1"]
[WhiteElo "2284"]
[BlackElo "2306"]
[PlyCount "104"]
[EventDate "2005.??.??"]
[EventType "corr"]
[EventRounds "2"]
[SourceDate "2005.10.20"]

1. d4 Nf6 2. c4 e6 3. Nf3 d5 4. e3 Be7 5. cxd5 exd5 6. Bd3 O-O 7. O-O Re8 8.
Qc2 Bd6 9. Nc3 c6 10. Nd2 Na6 11. Bxa6 bxa6 12. b3 Ng4 13. Nf3 Qf6 14. h3 Nh6
15. Qe2 Nf5 16. Bd2 Nh4 17. Nxh4 Qxh4 18. Rad1 Bf5 19. Qf3 Bd3 20. Rfe1 Re6 21.
g3 Rg6 22. Kh2 Re8 23. e4 Bxe4 24. Nxe4 dxe4 25. Bf4 Bxf4 26. Qxf4 Qxf4 27.
gxf4 Kf8 28. Re3 f5 29. Rc3 Rd6 30. Rc5 g6 31. Kg2 Re7 32. Ra5 Red7 33. f3 Rd5
34. Rxd5 cxd5 35. Rc1 Kg7 36. Kf2 Kh6 37. fxe4 dxe4 38. Rd1 Kh5 39. Kg3 Rd5 40.
Rd2 h6 41. Rd1 g5 42. a3 a5 43. a4 Kg6 44. h4 Rd6 45. d5 Kh5 46. hxg5 hxg5 47.
Rh1+ Kg6 48. Rh8 Rxd5 49. Rg8+ Kf6 50. fxg5+ Kf7 51. Rc8 Rd3+ 52. Kh4 e3 0-1

[Event "MCR_SF_03"]
[Site "?"]
[Date "2005.??.??"]
[Round "?"]
[White "Batka, Josef"]
[Black "Nedoma, Petr"]
[Result "1/2-1/2"]
[WhiteElo "2251"]
[BlackElo "2284"]
[PlyCount "78"]
[EventDate "2005.??.??"]
[EventType "corr"]
[EventRounds "2"]
[SourceDate "2005.10.20"]

1. e4 c6 2. c4 d5 3. exd5 Nf6 4. Nc3 cxd5 5. cxd5 Nxd5 6. Nf3 Nc6 7. Bb5 Qd6 8.
O-O Bg4 9. d4 e6 10. Ne4 Qb4 11. Bxc6+ bxc6 12. Qc2 Rc8 13. Bd2 Qb6 14. Ne5 Bf5
15. Nc4 Qb8 16. Rfe1 Be7 17. Ned6+ Bxd6 18. Nxd6+ Qxd6 19. Qxf5 O-O 20. Qe5
Rfd8 21. Rac1 h6 22. h3 Rb8 23. b3 Rb5 24. Qxd6 Rxd6 25. Kf1 Rb6 26. Rc5 Ra6
27. Ra5 Rxa5 28. Bxa5 Kf8 29. Rc1 Ke7 30. Bd2 Kd7 31. Ke2 Kc7 32. Kd3 Rd7 33.
Rc5 Kb6 34. Kc4 a6 35. g3 g5 36. f3 f6 37. Kd3 h5 38. Ke4 Rg7 39. b4 h4 1/2-1/2

[Event "MCR_SF_03"]
[Site "?"]
[Date "2005.??.??"]
[Round "?"]
[White "Kuchta, Jiri"]
[Black "Storkan, Zdenek"]
[Result "1/2-1/2"]
[WhiteElo "2284"]
[BlackElo "2224"]
[PlyCount "90"]
[EventDate "2005.??.??"]
[EventType "corr"]
[EventRounds "2"]
[SourceDate "2005.10.20"]

1. d4 Nf6 2. c4 g6 3. Nc3 d5 4. cxd5 Nxd5 5. e4 Nxc3 6. bxc3 Bg7 7. Nf3 c5 8.
Be3 Qa5 9. Rb1 cxd4 10. Bxd4 O-O 11. Bc4 Bxd4 12. Qxd4 Nc6 13. Qe3 Bg4 14. Rxb7
Bxf3 15. gxf3 Rfb8 16. Rxb8+ Rxb8 17. O-O Ne5 18. Be2 Qxa2 19. f4 Rb2 20. Re1
Nc4 21. Qd3 Nd6 22. e5 Nf5 23. Qa6 Qb3 24. Rc1 Rd2 25. Qb5 Qa3 26. Rb1 Kg7 27.
Bd3 Qxc3 28. Bxf5 Qf3 29. Qf1 gxf5 30. Qg2+ Qxg2+ 31. Kxg2 Ra2 32. Rb8 e6 33.
Rb7 a5 34. Ra7 a4 35. Kf3 Ra3+ 36. Kg2 Ra1 37. Kf3 a3 38. Ra8 a2 39. Ra7 Kg6
40. Kg2 Kh6 41. Ra6 f6 42. exf6 Kg6 43. Ra7 Kxf6 44. Kh3 Kg6 45. Kg2 Kf6
1/2-1/2

[Event "MCR_SF_03"]
[Site "?"]
[Date "2005.??.??"]
[Round "?"]
[White "Leiner, Raimund"]
[Black "Hladecek, Miloslav"]
[Result "1-0"]
[WhiteElo "2312"]
[BlackElo "2306"]
[PlyCount "117"]
[EventDate "2005.??.??"]
[EventType "corr"]
[EventRounds "2"]
[SourceDate "2005.10.20"]

1. e4 e6 2. d4 d5 3. Nc3 Nf6 4. e5 Nfd7 5. f4 c5 6. Nf3 Nc6 7. Be3 c4 8. Be2
Ne7 9. b3 b5 10. O-O Nf5 11. Bd2 a6 12. Qe1 Qb6 13. Qf2 Bb7 14. a4 b4 15. a5
Qa7 16. Na4 c3 17. Bc1 g6 18. g4 Ne7 19. Bd3 Bc6 20. f5 gxf5 21. gxf5 Nxf5 22.
Bxf5 exf5 23. Kh1 h6 24. Qh4 Be7 25. Bg5 Bxg5 26. Nxg5 Nf8 27. e6 Qe7 28. exf7+
Kd8 29. Nf3 Qxh4 30. Nxh4 Rh7 31. Rxf5 Ra7 32. Raf1 Bxa4 33. bxa4 Rg7 34. Rxd5+
Rd7 35. Rxd7+ Kxd7 36. Nf3 Kc6 37. Ne5+ Kd5 38. Nd3 b3 39. cxb3 Kxd4 40. Nb4
Ke3 41. Rc1 Kd4 42. Rd1+ Ke3 43. Nd5+ Kf2 44. Nxc3 Rxf7 45. Rd6 Nh7 46. Rxa6
Rc7 47. Ne4+ Kf3 48. Nd2+ Kf2 49. h4 Kg3 50. Rg6+ Kh3 51. Kg1 Kxh4 52. Rxh6+
Kg5 53. Rd6 Kf5 54. a6 Ng5 55. b4 Ke5 56. Rb6 Ra7 57. b5 Ra8 58. Rg6 Kf5 59.
Rxg5+ 1-0

[Event "MCR_SF_03"]
[Site "?"]
[Date "2005.??.??"]
[Round "?"]
[White "Storkan, Zdenek"]
[Black "Kuchta, Jiri"]
[Result "0-1"]
[WhiteElo "2224"]
[BlackElo "2284"]
[PlyCount "108"]
[EventDate "2005.??.??"]
[EventType "corr"]
[EventRounds "2"]
[SourceDate "2005.10.20"]

1. d4 d5 2. c4 e6 3. Nc3 Nf6 4. Nf3 c6 5. g3 dxc4 6. Bg2 Nbd7 7. O-O Be7 8. a4
Qa5 9. e4 e5 10. Bd2 exd4 11. Nxd4 Ne5 12. Nd5 Qd8 13. Nxe7 Qxe7 14. h3 O-O 15.
Qc2 Rd8 16. Be3 Bd7 17. Ne2 c5 18. g4 Bc6 19. Ng3 Qe6 20. Bxc5 Nd3 21. Be3 Nd5
22. Bg5 N5b4 23. Qc3 f6 24. Nf5 Bd7 25. Be3 Qe5 26. Bd4 Qc7 27. Be3 Bxf5 28.
gxf5 b6 29. f4 Re8 30. b3 Rac8 31. Rad1 Kf8 32. e5 fxe5 33. fxe5 cxb3 34. Qxb3
Qxe5 35. Bd2 Qd4+ 36. Kh1 Nc2 37. f6 Qc4 38. Qxc4 Rxc4 39. Bd5 Rc5 40. Bb3 h5
41. Bh6 gxh6 42. Rxd3 Ne3 43. Re1 Nc4 44. Rxe8+ Kxe8 45. f7+ Kxf7 46. Rd4 Kf6
47. Bxc4 Ke5 48. Rh4 Kd6 49. Kg2 Ke7 50. Bb5 Rc2+ 51. Kf3 Rc5 52. Rd4 Rc3+ 53.
Kf4 Rc5 54. Rd6 Kxd6 0-1

[Event "MCR_SF_03"]
[Site "?"]
[Date "2005.??.??"]
[Round "?"]
[White "Leiner, Raimund"]
[Black "Storkan, Zdenek"]
[Result "1/2-1/2"]
[WhiteElo "2312"]
[BlackElo "2224"]
[PlyCount "97"]
[EventDate "2005.??.??"]
[EventType "corr"]
[EventRounds "2"]
[SourceDate "2005.10.20"]

1. e4 c6 2. d4 d5 3. Nc3 dxe4 4. Nxe4 Nd7 5. Bc4 Ngf6 6. Nxf6+ Nxf6 7. c3 Qc7
8. Ne2 e6 9. Bf4 Bd6 10. Bxd6 Qxd6 11. O-O O-O 12. Ng3 c5 13. Nh5 Nxh5 14. Qxh5
cxd4 15. Rad1 e5 16. Rfe1 Be6 17. Bxe6 fxe6 18. Rxe5 d3 19. Re4 Rad8 20. Qh3 e5
21. Qe3 Qd5 22. a3 Rf5 23. h3 h6 24. g4 Rg5 25. c4 Qd6 26. Qxa7 b6 27. Qa4 h5
28. Qb3 Kh8 29. Qc3 d2 30. f3 hxg4 31. hxg4 Qd7 32. Qe3 Rg6 33. Kg2 Kg8 34. Qe2
Rd6 35. b4 Rd4 36. Rxe5 Kf7 37. c5 bxc5 38. bxc5 Qc6 39. Re7+ Kf8 40. Qe6 Qxe6
41. Rxe6 Rc4 42. Re2 Rc2 43. Kf2 Kf7 44. c6 Rd4 45. c7 Rd3 46. Re3 Rd5 47. Ke2
Rxc7 48. Rxd2 Ra5 49. Kf2 1/2-1/2

[Event "MCR_SF_03"]
[Site "?"]
[Date "2005.??.??"]
[Round "?"]
[White "Storkan, Zdenek"]
[Black "Leiner, Raimund"]
[Result "1/2-1/2"]
[WhiteElo "2224"]
[BlackElo "2312"]
[PlyCount "78"]
[EventDate "2005.??.??"]
[EventType "corr"]
[EventRounds "2"]
[SourceDate "2005.10.20"]

1. d4 d5 2. c4 e6 3. Nc3 c6 4. Nf3 Nf6 5. e3 Nbd7 6. Qc2 Bd6 7. Be2 O-O 8. O-O
dxc4 9. a4 c5 10. Rd1 b6 11. Nb5 Be7 12. dxc5 Bxc5 13. Qxc4 a6 14. Nbd4 a5 15.
b3 Re8 16. Bb2 Bb7 17. Nb5 Bd5 18. Qf4 Rc8 19. Bc4 Qe7 20. Rac1 Bxc4 21. bxc4
e5 22. Qf5 Bb4 23. Ng5 Red8 24. Nf3 e4 25. Bxf6 Nxf6 26. Rxd8+ Qxd8 27. Nfd4 h6
28. h3 Qd7 29. Qe5 Rc5 30. Qf4 Qe8 31. Nb3 Rg5 32. Kf1 Qd8 33. N3d4 Be7 34. Nf5
Ba3 35. Nxa3 Qd3+ 36. Kg1 Qxa3 37. Rb1 Qxa4 38. Rxb6 Kh7 39. Rd6 Qa1+ 1/2-1/2

[Event "MCR_SF_03"]
[Site "?"]
[Date "2005.??.??"]
[Round "?"]
[White "Storkan, Zdenek"]
[Black "Hladecek, Miloslav"]
[Result "1/2-1/2"]
[WhiteElo "2224"]
[BlackElo "2306"]
[PlyCount "85"]
[EventDate "2005.??.??"]
[EventType "corr"]
[EventRounds "2"]
[SourceDate "2005.10.20"]

1. d4 Nf6 2. c4 e6 3. Nc3 d5 4. Nf3 Nbd7 5. Bf4 dxc4 6. e3 Nd5 7. Bxc4 Nxf4 8.
exf4 Nb6 9. Bb3 Qf6 10. g3 Bd6 11. O-O Qh6 12. Nb5 O-O 13. Nxd6 cxd6 14. a4 a5
15. Ng5 Bd7 16. Re1 Rfc8 17. Bc2 g6 18. d5 Nxd5 19. Bb3 Nf6 20. Qxd6 Qf8 21.
Qd4 Qe7 22. Rad1 Rd8 23. Qc3 h6 24. Nf3 Bc6 25. Ne5 Rxd1 26. Rxd1 Bd5 27. Rc1
Qb4 28. Bd1 Ne4 29. Qxb4 axb4 30. f3 Nd6 31. Ng4 Kg7 32. Ne3 Ra5 33. Kf2 Nf5
34. Nxd5 Rxd5 35. Ke1 g5 36. fxg5 hxg5 37. Rc7 b6 38. Rc6 Rd6 39. Rxd6 Nxd6 40.
Ke2 Nc4 41. b3 Nd6 42. Ke3 f6 43. f4 1/2-1/2

[Event "MCR_SF_03"]
[Site "?"]
[Date "2005.??.??"]
[Round "?"]
[White "Nedoma, Petr"]
[Black "Storkan, Zdenek"]
[Result "1-0"]
[WhiteElo "2284"]
[BlackElo "2224"]
[PlyCount "79"]
[EventDate "2005.??.??"]
[EventType "corr"]
[EventRounds "2"]
[SourceDate "2005.10.20"]

1. e4 c6 2. d4 d5 3. e5 g6 4. Nf3 Bg7 5. c4 Bg4 6. Nbd2 e6 7. Qb3 Qc7 8. Nh4
Nd7 9. h3 Bf5 10. Qc3 Qd8 11. Nxf5 gxf5 12. Qg3 Bf8 13. cxd5 cxd5 14. Qb3 Qb6
15. Qxb6 Nxb6 16. Nf3 Ne7 17. g4 fxg4 18. hxg4 Rc8 19. g5 Bg7 20. Bd3 Ng6 21.
b3 Nd7 22. Bd2 Nb8 23. Ke2 Nc6 24. Rh3 Nf8 25. b4 Ne7 26. b5 Rg8 27. a4 Kd8 28.
Rah1 Nf5 29. Kd1 Ne7 30. a5 Ke8 31. Ke2 Kd7 32. R3h2 Rh8 33. Bb4 b6 34. Kd2 Ke8
35. a6 Neg6 36. Ke3 Ne7 37. Ng1 Rc1 38. Kd2 Rc8 39. Ne2 Rg8 40. Bd6 1-0

[Event "MCR_SF_03"]
[Site "?"]
[Date "2005.??.??"]
[Round "?"]
[White "Batka, Josef"]
[Black "Hladecek, Miloslav"]
[Result "0-1"]
[WhiteElo "2251"]
[BlackElo "2306"]
[PlyCount "136"]
[EventDate "2005.??.??"]
[EventType "corr"]
[EventRounds "2"]
[SourceDate "2005.10.20"]

1. e4 e6 2. d4 d5 3. e5 c5 4. c3 Nc6 5. Nf3 Qb6 6. a3 Nge7 7. dxc5 Qc7 8. Be3
Bd7 9. Nd4 Nxe5 10. Nb5 Bxb5 11. Bxb5+ N5c6 12. O-O Nf5 13. Qf3 Nxe3 14. Qxe3
Be7 15. Nd2 O-O 16. Rfe1 Bf6 17. Rad1 Ne5 18. Be2 Rfd8 19. b4 b6 20. Nb3 Rac8
21. Ba6 Nc4 22. Qc1 Ra8 23. a4 Be7 24. Bxc4 dxc4 25. Rxd8+ Bxd8 26. Nd2 bxc5
27. b5 Bg5 28. Qc2 Bxd2 29. Qxd2 Qa5 30. Qc2 Rd8 31. Kf1 h6 32. g3 a6 33. Rb1
axb5 34. axb5 Rb8 35. Qb2 Qa8 36. Kg1 Rb6 37. Qe2 Qa4 38. Qb2 Qa5 39. f4 Qa4
40. Kf2 Qa7 41. Qe2 Qd7 42. Qxc4 Qd2+ 43. Kg1 Qe3+ 44. Kf1 Qf3+ 45. Kg1 Rd6 46.
Qf1 Qxc3 47. b6 Qe3+ 48. Qf2 Qe4 49. Qf1 Rd7 50. Rd1 Rd4 51. Rxd4 Qxd4+ 52. Kh1
Qe4+ 53. Kg1 c4 54. b7 Qxb7 55. Qxc4 g5 56. Qc1 Qd5 57. Qe3 Kh7 58. h3 Kg6 59.
Kh2 gxf4 60. Qxf4 Qa2+ 61. Kg1 Qb1+ 62. Kg2 Qc2+ 63. Kg1 Qd1+ 64. Kg2 Qe2+ 65.
Kg1 e5 66. Qb4 Qf3 67. Qb6+ Kg7 68. Kh2 Qe2+ 0-1

[Event "MCR_SF_03"]
[Site "?"]
[Date "2005.??.??"]
[Round "?"]
[White "Hladecek, Miloslav"]
[Black "Storkan, Zdenek"]
[Result "0-1"]
[WhiteElo "2306"]
[BlackElo "2224"]
[PlyCount "115"]
[EventDate "2005.??.??"]
[EventType "corr"]
[EventRounds "2"]
[SourceDate "2005.10.20"]

1. e4 c6 2. d4 d5 3. e5 g6 4. Nf3 Bg7 5. c4 Bg4 6. Qb3 Qd7 7. Be2 e6 8. Nbd2
Ne7 9. c5 f6 10. h3 Bxf3 11. Nxf3 fxe5 12. Nxe5 Bxe5 13. dxe5 Qc7 14. Qc3 Nd7
15. Bg5 Kf7 16. Be3 b6 17. cxb6 axb6 18. f4 c5 19. Bf2 Rhf8 20. h4 Kg8 21. g3
c4 22. b4 b5 23. Bg4 Qc6 24. O-O Nb6 25. h5 gxh5 26. Bxh5 Na4 27. Qd2 Qd7 28.
Kh2 Rac8 29. Bf3 c3 30. Qc2 Rc4 31. Rab1 Nb2 32. Rxb2 cxb2 33. Qxb2 d4 34. Rd1
Nf5 35. Be2 Qd5 36. Rd3 Rfc8 37. Bf3 Qd7 38. Bd1 Qg7 39. Qd2 Qh6+ 40. Kg1 Rc3
41. g4 Rxd3 42. Qxd3 Ne3 43. Bxe3 dxe3 44. Qxe3 Rf8 45. Kg2 Qxf4 46. Qxf4 Rxf4
47. a3 Rd4 48. Bf3 Kf7 49. Kf2 Rd3 50. Bc6 Rxa3 51. Bxb5 Rb3 52. Bd7 Rxb4 53.
Kf3 Rd4 54. Bc6 Kg6 55. Be4+ Kg5 56. Bxh7 Rf4+ 57. Ke3 Rxg4 58. Bd3 0-1

[Event "MCR_SF_03"]
[Site "?"]
[Date "2005.??.??"]
[Round "?"]
[White "Batka, Josef"]
[Black "Storkan, Zdenek"]
[Result "1/2-1/2"]
[WhiteElo "2251"]
[BlackElo "2224"]
[PlyCount "127"]
[EventDate "2005.??.??"]
[EventType "corr"]
[EventRounds "2"]
[SourceDate "2005.10.20"]

1. e4 c6 2. c4 e5 3. Nf3 d6 4. d4 Nd7 5. Nc3 Ngf6 6. Be2 Be7 7. O-O O-O 8. Qc2
Re8 9. d5 a6 10. Be3 cxd5 11. cxd5 Ng4 12. Bd2 Nf8 13. a4 Ng6 14. h3 Nf6 15. a5
Bd7 16. Be3 Qc7 17. Rfc1 Rec8 18. Qb3 Qd8 19. Nd2 Nf4 20. Bf1 Qf8 21. Nc4 Bd8
22. Qb4 Bc7 23. b3 Ng6 24. g3 Ne8 25. Na4 Bxa4 26. Rxa4 Rcb8 27. h4 f5 28. Bh3
Ne7 29. Bg5 Nc8 30. Bxf5 b5 31. axb6 Nxb6 32. Nxb6 Bxb6 33. Qd2 Nc7 34. h5 h6
35. Be3 Bxe3 36. Qxe3 Nb5 37. Qd3 Nd4 38. Rxa6 Rxb3 39. Rxa8 Qxa8 40. Qxb3 Nxb3
41. Rc8+ Qxc8 42. Bxc8 Kf7 43. Kg2 Nc5 44. Bf5 Kf6 45. f4 Nd3 46. Kf3 Nb4 47.
Bg6 Nd3 48. Ke3 Nc5 49. Bf5 Na4 50. Kd3 Nb2+ 51. Kc3 Nd1+ 52. Kd2 Nb2 53. Bd7
Nc4+ 54. Ke2 g5 55. hxg6 Kxg6 56. Bb5 Na5 57. fxe5 dxe5 58. d6 Kf7 59. d7 Ke7
60. Kd3 Nb3 61. Kc4 Nd4 62. Ba4 h5 63. Kd5 Ne2 64. Kxe5 1/2-1/2